The performance and design of alternating current machines: transformers, three-phase induction motors and synchronous machines
محفوظ في:
| المؤلف الرئيسي: | |
|---|---|
| التنسيق: | كتاب |
| اللغة: | الإنجليزية |
| منشور في: |
Londres
Isaac Pitman
1958
|
| الطبعة: | 3a. ed |
| الموضوعات: | |
| الوسوم: |
إضافة وسم
لا توجد وسوم, كن أول من يضع وسما على هذه التسجيلة!
|
MARC
| LEADER | 00000nam a2200000 a 4500 | ||
|---|---|---|---|
| 001 | UCU3966 | ||
| 003 | CL-VaPUC | ||
| 008 | 960517e19580000UK |||||||||||||||||eng|d | ||
| 082 | 0 | 4 | |a 621.8 |b SAY |2 21 |
| 100 | 0 | |a Say, M. G |e author |9 361223 | |
| 245 | 1 | 4 | |a The performance and design of alternating current machines: transformers, three-phase induction motors and synchronous machines |
| 250 | |a 3a. ed | ||
| 300 | |a 664 p | ||
| 942 | |c BK | ||
| 945 | |d 19960517 00:00:00 |a cmena | ||
| 260 | |a Londres |b Isaac Pitman |c 1958 | ||
| 650 | 0 | |a Ingeniería mecánica |9 262089 | |
| 650 | 0 | |a Maquinaria |9 260482 | |
| 650 | 0 | |a Transformadores |9 345471 | |
| 650 | 0 | |a Circuitos eléctricos |9 260262 | |
| 650 | 7 | |a TECNOLOGIA ELECTRICA |2 CL-VaPUC |9 336952 | |
| 650 | 7 | |a NUCLEOS MAGNETICOS |2 CL-VaPUC |9 361224 | |
| 650 | 0 | |a Electromagnetismo |9 260123 | |
| 650 | 0 | |a Diseño de máquinas |9 271533 | |
| 650 | 7 | |a TURBOMAQUINARIA |2 CL-VaPUC |9 336932 | |
| 650 | 0 | |a Motores |9 334293 | |
| 583 | |a last modification |c 19960517 00:00:00 |k Rodrigo Vera | ||
| 999 | |c 247808 |d 247806 | ||
| 952 | |0 0 |1 0 |4 0 |6 621_800000000000000_SAY_1958 |7 0 |8 A |9 263985 |a BIBING |b BIBING |d 2019-11-19 |i 1660411 |o 621.8 SAY 1958 |p 1660411 |r 2025-01-20 |w 2019-11-19 |y BK |k EIE | ||